[Event "Olympiad-39"]
[Site "Khanty-Mansiysk"]
[Date "2010.09.29"]
[Round "8.2"]
[White "L'Ami, Erwin"]
[Black "Sutovsky, Emil"]
[Result "0-1"]
[WhiteElo "2485"]
[BlackElo "2665"]
[Annotator "L'Ami,E"]
[PlyCount "106"]
[EventDate "2010.09.21"]
[EventType "team-swiss"]
[EventRounds "11"]
[EventCountry "RUS"]
[SourceTitle "CBM 139"]
[Source "ChessBase"]
[SourceDate "2010.11.18"]
[SourceVersion "1"]
[SourceVersionDate "2010.11.18"]
[SourceQuality "1"]
[WhiteTeam "Netherlands"]
[BlackTeam "Israel"]
[WhiteTeamCountry "NED"]
[BlackTeamCountry "ISR"]

1. Nf3 Nf6 2. c4 g6 3. Nc3 d5 4. cxd5 Nxd5 5. Qa4+ ({I had previously tried} 5.
h4 $5 {in this position, which looks attractive from a optical point of view.
The text move must be more critical however.}) 5... Nc6 $5 ({Perhaps we can
already call this the main line since many Grünfeld-players have switched to
this move.} 5... Bd7 {is the old move, and the one Emil has most experience
with.}) 6. Ne5 Qd6 7. Nxc6 Qxc6 8. Qxc6+ bxc6 {We have reached an ending where
White has the better structure but difficulties disentangling his pieces. I
believe the first factor should outweigh the second, but for the moment I am
proven wrong.} 9. g3 Bg7 10. Bg2 Be6 11. b3 O-O-O (11... O-O $5 12. Bb2 Nb4 13.
O-O Rfd8 14. d3 Bg4 $13 {was tested in Andreikin-Hammer, Lubbock 2009.}) 12.
Bxd5 $2 ({I saw this being played by Malakhov and the concept attracted me.
Perhaps I ought to have checked this idea a bit before playing it! In
hindsight I should have opted for the more restrained} 12. Bb2) 12... cxd5 13.
Bb2 {Now if White could only exchange dark-squared bishops with Na4, place his
pawn on d4, knight on c5...} d4 14. Na4 Bd5 15. f3 e5 {A rude awakening took
place right about now. Black has two bishops, space, and is preparing to blow
me away through the centre.} 16. Nc5 f5 17. Rc1 Bh6 18. Rf1 Rhe8 19. Rc2 Rd6 $1
{Lack of space causes the simple threat of ...Rc6 to be hard to meet.} 20. Kd1
Rc6 21. Bc1 Bf8 22. Nd3 Ra6 $1 {Of course Black keeps rooks on the board.
White can barely move.} 23. f4 e4 24. Ne5 d3 $1 {Time to open the position!}
25. exd3 exd3 26. Nxd3 Be4 27. Rc3 Rxa2 28. Rf2 (28. Nc5 Bxc5 29. Rxc5 Bg2 30.
Rf2 Bh3 $1 {would be finished immediately.}) 28... Bd5 $6 ({I think it was
more precise to stop White from playing b4-Ra3 by} 28... a5 29. Nc5 Bc6 {
when ....Bg7 is an annoying threat.}) 29. b4 Re6 (29... Bg7 30. Ne5 $1 (30. Ra3
Rxa3 31. Bxa3 Bd4 {looks fantastic.}) 30... Bxe5 31. fxe5 Rxe5 32. Re2 {
is not that easy.}) 30. Ra3 (30. Nc5 Bxc5 (30... Rb6 $5) 31. bxc5 Kd7 {was
another way to fight.}) 30... Rxa3 31. Bxa3 a5 $2 {Presumably based on a
miscalculation, I now manage to exchange a-pawns which greatly relieves my
defensive tasks.} 32. Nc5 axb4 33. Bxb4 Rb6 34. Ba3 Rb1+ (34... Rb3 $2 35. Nxb3
Bxb3+ 36. Ke1 Bxa3 {fails to} 37. Rf3 $1) 35. Kc2 Ra1 36. Bb4 Ra2+ 37. Kc3 Bg7+
38. Kd3 Bc6 39. Kc4 Rc2+ 40. Kb3 Rc1 {Move 40 has been reached and despite
White still being clearly worse, it appears that a draw is the most likely
outcome.} 41. Bc3 Bf8 42. d4 Rb1+ 43. Rb2 $6 ({Why not just} 43. Bb2 {followed
by Kc2?}) 43... Bd5+ 44. Kb4 Rc1 45. Re2 Kd8 {Suddenly I am in trouble again,
my king is horribly placed. I decided to hurry the process...} 46. Bb2 $2 Rc4+
47. Kb5 Bd6 48. Rd2 Kc8 $1 {Building a mating web.} 49. Ba3 c6+ 50. Kb6 Rc3 51.
Bb2 Bc7+ 52. Ka7 Re3 53. Na6 Ba5 {Not my happiest moment in the olympiad!} 0-1

[Event "Corus-B"]
[Site "Wijk aan Zee"]
[Date "2010.01.22"]
[Round "6"]
[White "L'Ami, Erwin"]
[Black "Negi, Parimarjan"]
[Result "1-0"]
[WhiteElo "2615"]
[BlackElo "2621"]
[Annotator "L'Ami,E"]
[PlyCount "69"]
[EventDate "2010.01.16"]
[EventType "tourn"]
[EventRounds "13"]
[EventCountry "NED"]
[EventCategory "16"]
[SourceTitle "CBM 135"]
[Source "ChessBase"]
[SourceDate "2010.03.17"]
[SourceVersion "1"]
[SourceVersionDate "2010.03.17"]
[SourceQuality "1"]

1. Nf3 Nf6 2. c4 g6 3. Nc3 d5 4. cxd5 Nxd5 5. h4 $5 {Bent Larsen has been
known for pushing a- and h-pawns throughout his career and of course he also
invented this system. In the nineties Jeroen Piket used it a few times, with
reasonable succes.} h6 ({The most common, alternatives are} 5... Bg7 {and}) (
5... h5) 6. e4 Nxc3 7. dxc3 $5 {No, no, I am not trying to make a quick draw
here. With the inclusion of the moves h2-h4 and h7-h6 it actually makes sence
to take with the d-pawn. In the ending after (1.Nf3 Nf6 2.c4 g6 3.Nc3 d5 4.
cxd5 Nxd5) 5.e4 Nxc3 6.dxc3 Qxd1 7.Kxd1 Black has the solid move 7...f6
followed by e5. Here that plan runs into h4-h5!} Qxd1+ 8. Kxd1 Nd7 ({The next
round Arkadi Naiditsch -always a big fan of my play- decided to repeat this
line against Ni Hua. The Chinese played} 8... Bg4 {but after} 9. Kc2 Bxf3 10.
gxf3 h5 $5 {(otherwise White throws in h5 at some point)} 11. f4 Nd7 12. f5 $5
{White looked better to me, although Ni managed to draw.}) 9. Bf4 c6 10. Bc4
Bg7 11. Kc2 Nc5 ({I think} 11... e5 {might be stronger but after} 12. Be3 {
White keeps an annoying plus.}) 12. Nd2 Be6 ({The alternative was} 12... f5 13.
f3 (13. e5 $5 {might be interesting as well, if White manages to follow it up
with f4, locking up Black's Kingside.}) 13... fxe4 14. Be3 $1 {when White
manages to take the pawn without compromising his structure.}) 13. f3 b6 14. a4
Bxc4 15. Nxc4 O-O-O 16. h5 g5 ({Not a very happy advance, but} 16... Nd3 17.
Be3 g5 18. g3 $1 Ne5 19. Nxe5 Bxe5 20. f4 gxf4 21. gxf4 Bc7 22. Rhg1 {is not
much better, h6 is permanently weak.}) 17. Be5 $1 ({Much stronger than the
routine} 17. Be3 Nd7 {when it would be very difficult to break Black's
defences.}) 17... Rhg8 (17... f6 {is legal, but not more.}) 18. Bxg7 Rxg7 19.
Ne5 $1 {The point! The knight is on his way to g4 and without bishops the pawn
on h6 is more vulnerable.} Rd6 ({Black couldn't break free with} 19... g4 20.
b4 $1 gxf3 21. bxc5 fxg2 22. Rhg1 {winning.}) 20. b4 Nd7 21. Ng4 Re6 {Black
naturally wants to get rid of the knight on g4, but he is not in time.} 22. a5
$1 ({A good inclusion, the immideate} 22. Rad1 Ne5 23. Nxe5 Rxe5 24. Rd2 g4 25.
Rhd1 Rg8 {is less clear.}) 22... b5 23. Rad1 Ne5 24. Nxe5 Rxe5 25. Rd2 $1 {
Simple but very effective! Black's king is in serious danger.} f5 $6 ({Black
should have tried to get counterplay} 25... g4 26. Rhd1 Rg8 27. Rd7 ({During
the game I was planning} 27. f4 {but Black seems to hold;} Rxe4 28. Rd7 a6 (
28... Re2+ $5 29. Kb3 Re1 30. Rxa7 Rxd1 31. Ra8+ Kc7 32. Rxg8 $16) 29. Ra7 Kb8
30. Rdd7 Rd8 $1 31. Rdb7+ Kc8 32. Rxe7 Rxe7 33. Rxe7 Rd7 $1 34. Re8+ Rd8 35.
Rxd8+ Kxd8 {and this pawn-ending seems to be drawn} 36. Kd3 Kd7 37. Kd4 (37.
Ke4 Ke6 38. f5+ Kd6 39. Kf4 (39. Kd4 {- 37.Kd4}) 39... f6 40. Kxg4 Ke5 $11)
37... Kd6 38. f5 (38. g3 f5 39. c4 bxc4 40. Kxc4 Kd7 $11) 38... f6 39. c4 bxc4
40. Kxc4 Kc7 (40... Kd7 $2 41. Kc5 Kc7 42. g3 $18) 41. Kc5 g3 42. Kc4 Kd6 43.
Kd4 Kd7 44. Ke4 Kd6 45. Kf4 Kd5 $11) 27... gxf3 28. gxf3 Rxh5 {and here I
would have to find the 'ugly' solution:} 29. Rxa7 Rh2+ 30. Kb3 Rgg2 31. Rb1 {
which is probably winning.}) 26. Rhd1 e6 {The only way to stop White's rooks
from entering but the price is high.} 27. exf5 exf5 28. Rd6 c5 29. Rxh6 cxb4
30. Rc6+ Rc7 ({or} 30... Kb7 31. Rdd6 Rc7 32. a6+ Kc8 33. h6 Re2+ 34. Kb3 bxc3
(34... Rxg2 35. h7 Rh2 36. Rh6 {winning.}) 35. h7 Re8 36. Rxc7+ Kxc7 37. Rh6
Rh8 38. Kxc3 Kd7 39. Kb4 Ke7 40. Kxb5 Kf7 41. Kc6 Kg7 42. Rh1 {winning the
pawn-ending.}) 31. Rxc7+ Kxc7 32. cxb4 Re2+ 33. Kd3 Re6 (33... Rxg2 34. Rh1 {
and run!}) 34. Rc1+ Kd7 35. Rc5 {and Black resigned, another pawn will fall.}
1-0

[Event "Enghien les Bains 3rd"]
[Site "Enghien les Bains"]
[Date "1999.03.03"]
[Round "1"]
[White "Lautier, Joel"]
[Black "Bacrot, Etienne"]
[Result "1-0"]
[WhiteElo "2596"]
[BlackElo "2561"]
[Annotator "Lautier,J"]
[PlyCount "59"]
[EventDate "1999.03.03"]
[EventType "tourn"]
[EventRounds "9"]
[EventCountry "FRA"]
[EventCategory "15"]
[SourceTitle "CBM 070"]
[Source "ChessBase"]
[SourceDate "1999.06.08"]
[SourceVersion "1"]
[SourceVersionDate "1999.06.08"]
[SourceQuality "1"]

{Mikhalevski,V.} 1. Nf3 {The theoretical fight begins with the first move.
With my adversary's trainer Azmaiparashvili a couple of meters away, it was
not difficult to foresee a Grunfeld as the most probable answer to my usual 1.
d4. I decided to short-circuit their preparation.} Nf6 2. c4 g6 3. Nc3 d5 4.
Qa4+ {Mikhalevski,V: 'This line is getting more and more popular these days.
One of its main ideas is to reach Gruenfeld defence positions with the black
bishop on d7.Thus advancing the e-pawn to e5 white forces Ng4 (the d7-square
is occupied by the bishop) where the knight fills very uncomfortable.'} Bd7 5.
Qb3 {One of the more promising Anti-Grunfeld weapons. I had been impressed by
Piket's dispatching of my opponent in this very line, a couple of months
before in the Andorre zonal.} dxc4 6. Qxc4 {I would like to digress here a
little, and share with the reader some thoughts about the so-called
"hypermodern" openings (the English with 1.c4 and the Reti with 1.Nf3).
Originally, the main purpose of the "hypermodern" move orders was to entice
the enemy into occupying the center with his pawns in order to target and
destroy them. Nowadays, not too many people are confident of actually
destroying those pawns, therefore 1.c4 and 1.Nf3 are more often than not a
prelude to a later d2-d4. In other words, White aims to reach Queen Pawn
openings without giving a definite shape to his pawn center. This pattern is
particularly noticeable in, let's say, Kramnik's favorite variation (1.Nf3 Nf6
2.c4 e6 3.Nc3 Bb4 4.Qc2), the Neo-Catalan (1.c4 e6 2.g3 d5 3.Bg2 Nf6 4.Nf3)
and the present game, to name but a few examples. As a result, White can
choose between no less than four (!) different types of pawn center:  1) push
the pawns to e4/d4 2) put them on e3/d3 3) place them on e4/d3 or 4) on d4/e3.
Such a wealth of strategic possibilities makes these "chameleon" move orders
quite attractive to the White player and hard to handle for his opponent. In
our case, White has obtained a favorable version of the Russian variation of
the Grunfeld (the line with 5.Qb3), since he now has a choice between a center
with pawns on d3/e4, as in Piket-Bacrot below, or on d4/e3 as in the present
game. Let's now proceed with the game:} a6 {'!?' Mikhalevski,V. Mikhalevski,V:
'Very fresh idea.Black is intending to start counterplay on the queen side as
soon as possible not waiting for the e4-e5 advance.Another idea of the 6...a6
can be Be6 and Qb5+ is impossible.'} ({Etienne had previously replied with} 
6... Bg7 {against Piket, White gaining a slight edge after} 7. e4 Bc6 8. Be2
O-O 9. d3) 7. d4 {Black was obviously intending ...b5 and ...c5, hence d4
rather than e4. Mikhalevski,V: 'Most logical reaction.'} (7. Ne5 $6 {gives
nothing after} Be6 8. Qa4+ Nbd7 $11) (7. e4 {would have been clearly off the
mark after} b5 8. Qb3 c5 $132) ({In the origin game White has played} 7. g3 {
Mikhalevski,V but after} b5 (7... Nc6 {is another possibility which has been
checked out by Svidler only few days ago.} 8. Bg2 Bg7 9. O-O e5 10. d3 h6 11.
Rd1 Be6 12. Qa4 O-O 13. Be3 Nd5 14. Bc5 Nb6 15. Qa3 Re8 16. Rac1 Nd4 $11 {
1/2-1/2 Topalov,V-Svidler,P/Dos Hermanas ESP 1999 (38)}) 8. Qb3 c5 9. d3 Nc6
10. Bg2 Rc8 11. Qd1 Bg7 12. O-O O-O {1/2-1/2 Psakhis,L-Mikhalevski,V/Ramat
Aviv 1998/CBM 68 (25) all the problems are behind and Black can fight for an
advantage.}) 7... b5 8. Qb3 Nc6 9. Bf4 $1 {The best development: White intends
e3 to strengthen the d4-pawn, thus hemming in the Bg7.} (9. e4 $2 {loses a
pawn for no compensation after} b4 10. Nd5 (10. e5 bxc3 11. exf6 cxb2 12. Bxb2
Rb8 13. Qc2 exf6 $15) 10... Nxe4 11. Bf4 Nd6 $15) 9... Bg7 10. e3 O-O 11. Be2
Be6 $6 {A blank shot. Better was 11...Nh5} (11... Nh5 12. Bg5 h6 13. Bh4 g5 14.
Bg3 Nxg3 15. hxg3 g4 16. Nd2 e5 17. d5 (17. dxe5 Nxe5 18. Nde4 Be6 19. Qc2 Qe7
$132) 17... Na5 18. Qc2 $14 (18. Qb4 Nb7 $132)) 12. Qd1 Nb4 {The logical
follow-up to the previous move, but this plan leads to a dead end. '?!'
Mikhalevski,V.} (12... Nh5 {was still preferable} 13. Bg5 h6 14. Bh4 g5 15. Bg3
Nxg3 16. hxg3 $36) (12... Nd5 $5 {Mikhalevski,V}) {Mikhalevski,V: Now after}
13. e4 $1 {Prevents the jump of a knight on d5 and refutes Black's conception
in one stroke. Mikhalevski,V: 'White obtains clear positional advantage thanks
to the strong centre and the displaced Black's knight on b4. '} Bc4 $8 {
'?!' Mikhalevski,V.} ({After} 13... c5 $5 {Mikhalevski,V} 14. d5 {Black is
forced to sac a piece by} Nxe4 {but it looks like the only chance to justify
12...Nb4.} ({as in case of} 14... Bg4 15. a3 {[%csl Rb4] White wins a piece
without any compensation.}) 15. Nxe4 (15. dxe6 Nxc3 16. bxc3 Bxc3+ 17. Kf1 (17.
Bd2 Bxa1) 17... fxe6 18. Bh6 Bxa1 19. Qxa1 Rf6 $13) 15... Qxd5 $1 {with some
compensation.} (15... Bf5 $5)) 14. a3 $1 $16 {Precision is still required, as}
(14. O-O {would allow} c5 $1 15. a3 (15. dxc5 Qxd1 16. Rfxd1 Bxe2 17. Nxe2 Nxe4
$15) 15... cxd4 16. Nxd4 Nd3 $1 $36) 14... Nc6 (14... Bxe2 15. Nxe2 $1 (15.
Qxe2 Nc6 $14) 15... Nc6 16. Rc1 $16 {'+/-!' Mikhalevski,V.}) 15. Bxc4 bxc4 16.
O-O {'!' Mikhalevski,V.} ({After immediate} 16. d5 {Mikhalevski,V} Nh5 (16...
Na5 $5 17. Qa4 c6 18. dxc6 Qb6 19. c7 $1 Qxb2 20. Rc1 {[%csl Gc7]} Nb3 $140 $2
(20... Nh5 21. Bd2 Bxc3 22. Rxc3 Qb1+ 23. Rc1 Qxe4+ 24. Kd1 $1 {and White is
still better thanks to the strong pawn on c7.}) 21. Nd1 $1 Qa2 22. Rxc4) 17.
Be3 Ne5 18. Nxe5 Bxe5 {[%csl Rb2][%cal Ga8b8] Black obtains counterchances
along the b-file.}) 16... Rb8 (16... e6 $5 {Mikhalevski,V}) 17. d5 Nh5 {
'!' Mikhalevski,V.} (17... Na5 {Mikhalevski,V} 18. Qa4 Nh5 {leaves a pleasant
choise for White.} 19. Be5 $1 (19. Be3 $5) (19. Bg5 $5)) 18. Be3 Na5 $2 {
The game is practically over after this strategic mistake. Black will only
manage to rescue this stranded knight at the cost of the one on the other rim
of the board !} (18... Ne5 $8 {was the only way to stay in the game} 19. Nxe5
Bxe5 20. f4 Bg7 (20... Bxc3 21. bxc3 e6 $16 {'+/=!' Mikhalevski,V.}) 21. e5 $16
(21. Qe2 $16)) 19. Qa4 c6 (19... Nb3 {Mikhalevski,V} 20. Rad1 $18 {[%csl Ra6,
Rc4]}) 20. dxc6 e6 $6 {Mikhalevski,V: 'loses immediately.'} (20... Rxb2 $4 21.
Rad1 Qc7 22. Nd5 $18) (20... Bxc3 $8 21. bxc3 Qc7 22. Rab1 Rfc8 23. Rb4 Nxc6
24. Rxc4 $16) 21. e5 $1 {'+-!' Mikhalevski,V. Mikhalevski,V: 'Now it's over.22.
g4 is threatening and Black is helpless.'} (21. Bc5 {seemed less convincing}
Qc7 22. Bxf8 Bxf8 $16) 21... Qc7 (21... f5 {Mikhalevski,V doesn't save} 22. Bc5
Re8 23. Bd6 $18 {[%cal Gc6c7]}) 22. g4 (22. Bc5 $5 {[%cal Gc5d6] Mikhalevski,V}
) 22... Nxc6 23. Qxc4 {White wins a piece, and the rest requires no particular
commentary. '!' Mikhalevski,V.} (23. gxh5 {Mikhalevski,V would give some
counterchances.}) 23... Rfc8 24. gxh5 Nxe5 25. Nxe5 Qxe5 26. Qe2 (26. Qxa6 {
was also possible}) 26... Qf5 {with the threat of Rxb2.} 27. f3 gxh5 28. Kh1
Kh8 29. Qxa6 Rc7 30. Rad1 1-0

[Event "Groningen"]
[Site "Groningen"]
[Date "1995.??.??"]
[Round "7"]
[White "Lautier, Joel"]
[Black "Van Wely, Loek"]
[Result "1-0"]
[WhiteElo "2645"]
[BlackElo "2585"]
[Annotator "Lautier,J"]
[PlyCount "75"]
[EventDate "1995.12.??"]
[EventType "tourn"]
[EventRounds "11"]
[EventCountry "NED"]
[EventCategory "17"]
[SourceTitle "CBM 051"]
[Source "ChessBase"]
[SourceDate "1996.04.01"]
[SourceVersion "1"]
[SourceVersionDate "1996.04.01"]
[SourceQuality "1"]

1. c4 {Ribli} Nf6 2. Nc3 c6 3. e4 d5 4. cxd5 (4. e5 $5 {Ribli} Ne4 (4... d4 5.
exf6 dxc3 6. fxg7 (6. bxc3 $5 exf6 7. d4) 6... cxd2+ 7. Bxd2 Bxg7 8. Qc2 Nd7 9.
Ne2 Nf6 10. Ng3 Qc7 11. Bd3 Bd7 12. Bc3 O-O-O 13. O-O-O $14 {Keres,P-Smith,K/
San Antonio/1972/INF15,19/}) 5. Nf3 Bg4 6. h3 Bh5 7. Be2 $5 (7. e6 $6 fxe6 8.
Be2 Bxf3 9. Bxf3 Nd6 $15 {Christiansen,L-Rivas,Pastor,M/Hastings/1981/INF34,15/
})) 4... cxd5 5. e5 Nfd7 {Ribli: Nach diesem passiven Zug hat der Nachziehende
keine Chancen das Spiel auszugleichen.} (5... Ne4 $5 6. Nf3 Nc6 7. Be2 (7. Qc2
g6 $1 8. Nxe4 dxe4 9. Qxe4 Bf5 10. Qf4 Bg7 $44 {Polugaevsky,L-Shamkovich,L/
USSR/1971/INF12,22/}) 7... Bg4 8. O-O e6 9. d4 Nxc3 10. bxc3 Rc8 11. Rb1 Qd7
12. Be3 Be7 13. Qa4 Rc7 14. Rfc1 O-O $13 {Hjartarson,J-Chernin,A/New York
PCA-gual/1995/EXP47/}) 6. d4 Nc6 (6... e6 $2 7. Bd3 $16 {Appel-Guimard/
Stockholm olm/1937/}) 7. Nge2 $1 (7. Nxd5 Ndb8 $1 $10) (7. Nf3 Nb6 {/\ Bg4} 8.
h3 Bf5 $10) 7... Nb6 8. Ng3 {>< Bc8} g6 $6 (8... e6 $2 9. Nh5 $16 (9. h4 Be7
10. Qg4 $36)) (8... Bd7 $142) 9. h4 h5 $8 10. Be2 Bd7 {Ribli: Dieser Zug
verstehe ich nicht.} (10... Bg7 $5 {/\ Be6, f6 +/=}) 11. Bg5 $5 (11. Be3) 11...
f6 {[#]} 12. Bd3 {Ribli: Diese Moeglichkeit geht, weil der Nachziehende den
Fluchtweg seines Koenigs gesperrt hat -siehe 10...Bd7-.} Kf7 13. Be3 $1 fxe5
14. Qf3+ Kg7 15. Nxd5 Nxd5 (15... Bg4 $2 16. Qe4 $18 {->}) (15... exd4 16. Qe4
Be8 17. Nf4 $40) 16. Qxd5 Be8 $1 $8 17. Qe4 (17. Qxd8 $6 Rxd8 18. d5 Rxd5 19.
Be4 Rd8 $10) 17... exd4 18. Bd2 {Ribli: Schwarz hat einen Mehrbauern, aber
sein Koenig steht auf unsicherem Posten. Auch in der Folge gelingt es ihm
nicht, seine Kraefte zu koordinieren.} Bf7 $6 (18... e6 $142 19. O-O Be7) 19.
O-O Kg8 (19... Qd5 20. Qe2 {/\ Ne4-g5+/-}) 20. f4 $1 Bg7 (20... e6 21. Bc4 Qf6
(21... Qxh4 22. Bxe6 Qxg3 23. Rf3 $18) 22. Rae1 Re8 23. f5 $16) 21. f5 (21. b4
$1 a6 22. a4 $16 {/\ b5}) 21... Ne5 $8 22. Bf4 Bd5 (22... Qd5 $2 23. fxg6 $18)
(22... Nxd3 23. Qxd3 Qb6 24. Rae1 Re8 25. Be5 $40) 23. Qe2 Nxd3 24. Qxd3 Bc6
25. Bg5 $6 (25. fxg6 $2 Qd5 26. Rf2 Rf8 $1 $17 {/\ e5}) (25. Rae1 Qd5 26. Rf2
Re8 (26... Bf6 27. fxg6 $40) 27. Bg5 $16 {/\} Be5 28. f6 $18) 25... Qd5 26. Rf2
Bb5 $6 (26... Qb5 27. Qd2 Be5 $132) 27. Qd2 Be5 (27... d3 28. Re1 Bd4 29. Be3
Bf6 30. fxg6 Bxh4 31. Nf5 $1 $40) 28. Rf3 $1 Bxg3 (28... Bc6 29. fxg6 $16) 29.
Rxg3 Qxf5 30. Qxd4 {Ribli: Schwarz hofft auf die ungleichfarbigen Laeufer,
aber dieses Remisfaktor greift nur im Endspiel-und auf dem Brett ist eindeutig
eine Mittelspielstellung.} Rh7 31. Re1 $16 {Droht /\ Re5.} Bc6 32. Bd2 {
Von hier an hat Schwarz staendig Aerger auf der Diagonale /^ c3-h8.} Rf7 $2 {
>< h8} (32... Rf8 33. Re5 Qb1+ 34. Kh2 $16) 33. Re5 $1 Qf1+ (33... Qb1+ {>< g6}
34. Kh2 Rf1 35. Qc4+ Kh8 36. Rxh5+ $1 gxh5 37. Bc3+ Rf6 38. Qf7 $18) 34. Kh2
Kh7 {[#]} 35. Qe3 $18 {Ribli: Eine unangenehme Ueberraschung, weil Schwarz nur
mit 35.Qc3 Qf6 gerechnet hat.} Rg7 36. Rxe7 Qf6 37. Qh6+ Kg8 38. Rxg7+ 1-0

[Event "EU-ch 13th"]
[Site "Plovdiv"]
[Date "2012.03.29"]
[Round "9"]
[White "Szabo, Gergely Andras"]
[Black "Petrisor, Adrian Marian"]
[Result "0-1"]
[WhiteElo "2553"]
[BlackElo "2383"]
[Annotator "Let's Check Training"]
[PlyCount "56"]
[EventDate "2012.03.20"]
[EventType "swiss"]
[EventRounds "11"]
[EventCountry "BUL"]
[SourceTitle "CBM 148"]
[Source "ChessBase"]
[SourceDate "2012.05.16"]
[SourceVersion "1"]
[SourceVersionDate "2012.05.16"]
[SourceQuality "1"]

1. Nf3 Nf6 2. c4 g6 3. Nc3 d5 4. cxd5 Nxd5 5. Qc2 Nb6 6. d4 Bg7 7. e4 O-O 8.
Be3 Bg4 9. Ne5 Be6 10. Rd1 Qc8 11. f4 c6 12. Be2 f5 13. O-O fxe4 14. Nxe4 Nd5
15. Bd2 Nd7 16. Ng5 Nxe5 17. Nxe6 Nf3+ 18. Rxf3 Qxe6 19. Bc1 Kh8 20. Bc4 Rad8
21. Bb3 Qd6 22. Qf2 b6 23. f5 gxf5 24. Rxf5 Rxf5 25. Qxf5 Rf8 26. Qd3 Nf4 27.
Bxf4 Rxf4 28. Qh3 $2 (28. d5 c5 29. g3 $17) {[%tqu "En","","","","d6d4","",10]}
28... Qxd4+ $1 $19 0-1